All Wikipedia Languages - Statistics

General Stats
  • This quiz has been taken 28,637 times
    23,638 since last reset
  • The average score is 96 of 326
Answer Stats
Users Language % Correct
9,014 Jamaican Creole English
99%
47,189,085 English
99%
1,428,931 Simple English
99%
7,105,824 Spanish
98%
3,492,588 Chinese
97%
4,894,495 French
97%
4,342,545 German
95%
53,845 Low German
95%
12,056 Palatine German
95%
33,690 Pennsylvania German
95%
3,053,388 Portuguese
93%
2,184,416 Japanese
92%
234,625 Egyptian Arabic
91%
12,429 Moroccan Arabic
91%
2,562,737 Arabic
90%
2,498,288 Italian
89%
271,946 Cantonese
87%
33,583 Fiji Hindi
86%
904,379 Swedish
86%
1,335,830 Dutch
85%
807,748 Hindi
85%
28,812 Low Saxon
85%
15,590 Russia Buriat
85%
834,644 Korean
84%
418,324 Greek
83%
572,054 Finnish
81%
1,299,334 Polish
81%
209,526 Serbo-Croatian
80%
1,575,483 Turkish
80%
17,873 Vlax Romani
80%
1,471,000 Indonesian
78%
606,421 Norwegian (Bokmål)
78%
134,932 Norwegian (Nynorsk)
78%
742,474 Ukrainian
78%
477,832 Danish
76%
60,513 Irish
76%
3,797 Mon
74%
472,383 Thai
74%
949,341 Vietnamese
74%
1,299,932 Persian
73%
364,337 Serbian
73%
121,790 Latvian
72%
645,058 Romanian
72%
247,857 Slovak
72%
310,887 Croatian
71%
190,985 Estonian
71%
185,638 Lithuanian
71%
655,518 Czech
70%
558,569 Hungarian
70%
333,160 Malay
70%
231,204 Slovenian
69%
341,587 Bulgarian
68%
1,157,279 Hebrew
68%
140,466 Tagalog
67%
161,345 Albanian
66%
3,557,317 Russian
65%
177,632 Urdu
65%
32,995 Hakka Chinese
64%
97,383 Icelandic
64%
452,383 Bangla
63%
154,049 Kazakh
63%
140,459 Belarusian
62%
42,263 Khmer
62%
179,051 Latin
62%
160,103 Bosnian
61%
85,057 Belarusian (Taraškievica)
61%
19,022 Lao
61%
66,255 Swahili
61%
174,145 Afrikaans
60%
142,611 Armenian
60%
159,214 Georgian
60%
89,855 Mongolian
60%
28,372 Scottish Gaelic
60%
128,361 Uzbek
60%
10,479 Western Armenian
60%
102,339 Literary Chinese
59%
27,947 Achinese
58%
32,835 Haitian Creole
58%
288,600 Azerbaijani
55%
66,719 Nepali
55%
47,371 Tajik
55%
28,745 Turkmen
55%
115,506 Macedonian
54%
20,911 Zulu
53%
478,516 Catalan
52%
32,686 Pashto
52%
231,378 Tamil
52%
88,409 Welsh
52%
39,932 Kyrgyz
50%
119,348 Burmese
49%
49,061 South Azerbaijani
49%
23,094 Maltese
47%
3,173 Guianan Creole
46%
37,637 Somali
45%
19,196 Māori
44%
61,958 Minnan
44%
159,703 Basque
43%
49,380 Punjabi
42%
20,573 Romansh
42%
37,762 Western Punjabi
42%
13,357 Xhosa
40%
10,793 Dzongkha
39%
66,649 Kurdish
39%
61,403 Luxembourgish
38%
10,658 Samoan
36%
46,999 Amharic
35%
30,246 Quechua
35%
27,177 West Flemish
35%
97,519 Wu
35%
61,827 Central Kurdish
34%
9,372 Fijian
34%
19,164 Igbo
34%
61,691 Javanese
33%
17,597 Navajo
33%
52,119 Yiddish
32%
77,662 Gujarati
30%
45,186 Sicilian
30%
222,011 Esperanto
29%
7,895 Sranan Tongo
29%
28,602 Yoruba
29%
144,176 Galician
28%
17,493 Hawaiian
28%
30,083 Tibetan
28%
10,720 Tongan
28%
4,251 Inari Sami
27%
1,599 Nigerian Pidgin
27%
29,343 Northern Sami
27%
127,722 Telugu
27%
26,268 Crimean Tatar
26%
20,806 Inuktitut
26%
78,629 Breton
25%
32,857 Malagasy
25%
161,830 Marathi
25%
24,895 Sardinian
25%
67,671 Sinhala
25%
108,967 Scots
24%
50,931 Tatar
24%
22,783 Corsican
23%
6,875 Northern Sotho
23%
10,703 Southern Sotho
23%
22,351 Uyghur
23%
70,278 Bavarian
22%
25,870 Cherokee
22%
15,831 Cornish
22%
37,410 Chechen
21%
86,298 Kannada
21%
25,426 Divehi
20%
27,564 Hausa
20%
13,555 Kinyarwanda
20%
179,523 Malayalam
20%
20,418 Northern Frisian
20%
54,415 Occitan
20%
39,790 Sanskrit
20%
13,613 Saterland Frisian
20%
49,109 Western Frisian
20%
30,249 Faroese
19%
13,710 Kalaallisut
19%
8,771 Swati
19%
10,459 Tswana
19%
1,251 Standard Moroccan Tamazight
18%
19,102 Guarani
18%
22,601 Nāhuatl
18%
35,991 Venetian
18%
20,350 Manx
17%
9,750 Tigrinya
17%
11,228 Oromo
16%
20,928 Aramaic
15%
17,036 Aymara
15%
114,197 Cebuano
15%
19,688 Cree
15%
24,862 Ossetic
15%
1,136 Ghanaian Pidgin
14%
30,567 Neapolitan
14%
126,619 Old English
14%
31,533 Sundanese
14%
13,829 Tok Pisin
14%
20,586 Abkhazian
13%
40,687 Assamese
13%
11,113 Kashmiri
13%
43,346 Lombard
13%
36,237 Odia
12%
24,953 Silesian
12%
18,407 Sindhi
12%
24,750 Walloon
12%
15,470 Wolof
12%
77,009 Aragonese
11%
122,595 Asturian
11%
21,274 Balinese
11%
6,569 Ladin
11%
16,571 Ligurian
11%
18,868 Lower Sorbian
11%
4,130 N’Ko
11%
13,549 Norman
11%
25,229 Upper Sorbian
11%
9,431 Fula
10%
7,172 Livvi-Karelian
10%
1,535 Pa'O
10%
27,841 Piedmontese
10%
4,440 Shan
10%
25,300 Yakut
10%
40,989 Bashkir
9%
44,728 Gan
9%
17,062 Kashubian
9%
11,189 Kongo
9%
8,616 Lak
9%
29,903 Rusyn
9%
17,808 Shona
9%
10,995 Western Mari
9%
7,539 Adyghe
8%
35,042 Bhojpuri
8%
25,871 Church Slavic
8%
35,040 Chuvash
8%
14,606 Eastern Mari
8%
13,362 Lingala
8%
10,405 Tsonga
8%
26,475 Emiliano-Romagnolo
7%
14,691 Friulian
7%
10,281 Goan Konkani
7%
10,235 Kalmyk
7%
14,792 Komi
7%
8,778 Komi-Permyak
7%
29,313 Limburgish
7%
14,131 Maithili
7%
10,768 Nyanja
7%
7,632 Tahitian
7%
15,365 Udmurt
7%
8,123 Venda
7%
103,779 Alemannic
6%
14,262 Aromanian
6%
11,202 Bambara
6%
13,592 Bislama
6%
17,779 Extremaduran
6%
14,499 Gagauz
6%
4,521 Ingush
6%
13,500 Mirandese
6%
18,026 Picard
6%
10,009 Rundi
6%
9,900 Tetum
6%
15,811 Twi
6%
2,254 Amis
5%
25,618 Bishnupriya
5%
14,891 Ewe
5%
8,707 Ganda
5%
38,258 Ido
5%
50,589 Interlingua
5%
21,686 Ladino
5%
4,294 Manipuri
5%
14,991 Papiamento
5%
6,779 Sango
5%
2,929 Southern Altai
5%
59,171 Waray
5%
16,122 Chamorro
4%
12,055 Cheyenne
4%
6,497 Dinka
4%
19,974 Gothic
4%
13,902 Kabyle
4%
10,648 Karachay-Balkar
4%
12,319 Kara-Kalpak
4%
6,105 Tulu
4%
9,393 Tuvinian
4%
35,622 Volapük
4%
28,428 Zazaki
4%
10,974 Zhuang
4%
16,805 Arpitan
3%
15,175 Avaric
3%
3,100 Awadhi
3%
717 Batak Toba
3%
23,996 Central Bikol
3%
14,725 Chavacano
3%
13,224 Erzya
3%
695 Fon
3%
1,432 Gun
3%
19,920 Interlingue
3%
10,205 Kabardian
3%
7,598 Latgalian
3%
12,516 Lingua Franca Nova
3%
2,675 Madurese
3%
19,111 Minangkabau
3%
19,641 Mingrelian
3%
9,782 Moksha
3%
7,476 Pali
3%
10,692 Pontic
3%
26,238 Samogitian
3%
7,813 Santali
3%
2,475 Saraiki
3%
16,103 Veps
3%
14,581 Võro
3%
13,564 Zeelandic
3%
14,597 Banjar
2%
16,995 Basa Banyumasan
2%
13,568 Buginese
2%
23,016 Colognian
2%
500 Dagaare
2%
3,815 Dagbani
2%
16,081 Gilaki
2%
5,604 Gorontalo
2%
8,988 Inupiaq
2%
4,725 Kabiye
2%
9,039 Kikuyu
2%
5,357 Kotava
2%
11,050 Lezghian
2%
16,965 Lojban
2%
37,107 Mazanderani
2%
21,799 Mindong
2%
27,752 Newari
2%
12,080 Novial
2%
21,288 Pampanga
2%
8,519 Pangasinan
2%
1,051 Talysh
2%
11,738 Tarantino
2%
8,576 Tumbuka
2%
1,266 Wayuu
2%
1,620 Angika
1%
4,662 Atikamekw
1%
6,681 Doteli
1%
897 Fanti
1%
1,048 Frafra
1%
17,707 Iloko
1%
1,910 Nias
1%
11,981 Norfuk / Pitkern
1%
1,727 Paiwan
1%
3,128 Sakizaya
1%
3,832 Tachelhit
1%
2,033 Taroko
1%
1,860 Tayal
1%
1,530 Tyap
1%
No matching quizzes found
Score Distribution
Percent of People with Each Score
Percentile by Number Answered
Your Score History
You have not taken this quiz since the last reset